000
00317nam a2200109Ia 4500
008
200302s9999 xx 000 0 und d
100
_a
Deo Prakash Sharma and Others
245
_a
Glimpses of Harappan Archaeology (Circa 2700-2000 B. C.)
260
_b
Bharatiya Kala Prakahan Delhi
260
_c
2006
300
_a
178 P.,
999
_c
3895
_d
3895